| 000 | 01769nam1a2200337 i 4500 | ||
|---|---|---|---|
| 001 | RU\NLR\bibl\87579 | ||
| 005 | 20260405090618.0 | ||
| 035 | _a(NLR Aleph) 000085546 | ||
| 090 |
_a478022 _c478022 |
||
| 100 | _a20000523g19999999u y0rusy50 ca | ||
| 101 | 0 | _arus | |
| 102 | _aRU | ||
| 105 | _aa j ||||| | ||
| 106 | _as | ||
| 200 | 1 |
_aРешение задач по физике: от простого к сложному _e[Учеб. пособие для студентов 1-го курса ун-та] _fТ.П. Привалова, Б.Р. Гельчинский, С.И. Морозов _gМ-во общ. и проф. образования Рос. Федерации, Юж.-Урал. гос. ун-т. Каф. общ. и теорет. физики |
|
| 210 |
_aЧелябинск _cИзд-во ЮУрГУ _d1999 |
||
| 215 | _d21 | ||
| 463 | 0 | _100182758 | |
| 606 | 0 |
_aФизика _xЗадачи _xРешение _91884306 _3RU\NLR\auth\661146906 |
|
| 606 | 0 |
_aФизика _jУчебные издания для высшей школы _xЗадачи _xРешение _91884306 _3RU\NLR\auth\661146906 |
|
| 686 | _aВ3я73-41 | ||
| 700 | 1 |
_4070 _aПривалова _bТ. П. _cд-р хим. наук, канд. техн. наук _f1945- _gТатьяна Павловна _9143626 _3RU\NLR\AUTH\770143662 |
|
| 701 | 1 |
_aГельчинский _bБ. Р. _gБорис Рафаилович _4070 |
|
| 701 | 1 |
_4070 _8rus _7ca _aМорозов _bС. И. _cканд. физ.-мат. наук, физ. химия _gСергей Иванович _3RU\NLR\auth\7732239 _915248 |
|
| 801 | 0 |
_aRU _bNLR _c20000523 _gPSBO |
|
| 801 | 1 |
_aRU _bNLR _c20000523 |
|
| 852 |
_aNLR _j2000-3/2934 |
||
| 942 | _cBOOK | ||